000 00658nam a2200253Ia 4500
003 OSt
005 20220918163524.0
006 a|||||r|||| 00| 0
007 ta
008 220917b |||||||| |||| 00| 0 eng d
020 _a0070374368
024 _a246,822
037 _cTextual
040 _aARTS
_cARTS
_beng
041 _2eng
_aeng
082 _aX:8:(B), K5;M2
100 _aLevin Richard I.
_913517
245 0 _aQuantitative approaches to management
250 _a5th
260 _aAuckland
_bMcGraw Hill
_c1982
300 _a763p.
_ccm.
942 _hX:8:(B), K5;M2
_cTEXL
_2CC
999 _c119912
_d119912